Informe sobre la 'Rabassa Morta' / Cámara Agrícola Oficial de la Provincia de Tarragona
Descripción Física:
38 p. ; 21 cm
MARC
| LEADER | 00000nam a2200000Ia 4500 | ||
|---|---|---|---|
| 001 | 9118 | ||
| 008 | 160829s1923 xx 000 0 cat d | ||
| 080 | |a RF-6-52 | ||
| 100 | |a Cámara Agrícola Oficial de la Provincia de Tarragona |9 46793 | ||
| 245 | |a Informe sobre la 'Rabassa Morta' / Cámara Agrícola Oficial de la Provincia de Tarragona | ||
| 260 | |a Tarragona : |b (Tip. F. Sugrañes), |c 1923 | ||
| 300 | |a 38 p. ; |c 21 cm | ||
| 590 | |a Prové de 3784, exp. 7 | ||
| 650 | |a Tinença de la terra |9 46794 | ||
| 650 | |a Contractes agrícoles |9 46795 | ||
| 856 | 4 | |u https://media.diba.cat/diba/fitxers/arxiu/fulletons/bib_9118_1923_baixa.pdf |y Accés lliure | |
| 856 | 4 | |u https://media.diba.cat/diba/fitxers/arxiu/fulletons/bib_9118_1923_baixa.pdf |y Accés lliure | |
| 901 | |a Arxiu | ||
| 942 | |n 1 |2 udc | ||
| 952 | |0 0 |1 0 |4 0 |6 RF652 |7 1 |9 53457 |a Arxiu |b Arxiu |d 2016-12-01 |l 0 |o RF-6-52 |p 9118 |r 2016-12-01 00:00:00 |w 2016-12-01 |y ARXIU | ||
| 999 | |c 57323 |d 57323 | ||
| 900 | |a bib_9118_1923_baixa.pdf | ||